00793nam a22001097a 4500040000800000082002700008100002100035245048900056260002600545300002500571856008700596 cRUA aAVM KEN 2011 B097 Or.1 aKEN, SOVANNRATH. aPrevalance and effect of albenzole on parasites in gastointestinal tract of local suckling calves in svay chhrum district, svay rieng province, កម្រិរាលដាល និងប្រសិទ្ធភាពនៃ albenzole ទៅលើបរាសិតក្នុងក្រអះពោះរៀនកូនគោ កូនក្របីពូជក្នុងស្រុក នៅស្រុកស្វាយជ្រំ ខេត្តស្វាយរៀង aPhnom PenhbRUAc2011 ax; 45p.bill.c29cm. uhttps://drive.google.com/file/d/1PMhXBLyfo49FmuLjCWs454UVtIH4RTOw/view?usp=sharing